000 01346cab a2200397 4500
001 ABS58684
008 090401t1998 xxu||||| |||| 00| 0 eng d
035 _a(Sirsi) u86702
041 _aeng
245 _aOffice trends `98
260 _c1998
350 _a0
490 _aEstates Gazette
_v9822 30 May 1998, (80) LOAN
520 _aSupplement covering changes in the office market, occupier requirements, rental trends, design and construction, and maintenance and management.
650 _aBUILT ENVIRONMENT-BUILDING ELEMENTS-COMPLETE BUILDING SERVICES ELEMENTS-COMPLETE HEATING, VENTILATION AND AIR CONDITIONING SYSTEMS
650 _aBRITISH COUNCIL FOR OFFICES
650 _aBUSINESS PARKS
650 _aCALL CENTRES
650 _aFACILITIES MANAGEMENT
_96240
650 _aLIFE CYCLE COSTING
650 _aOCCUPIERS REQUIREMENTS
650 _aOFFICE DEMAND
650 _aOFFICE DESIGN
650 _aPROPERTY-COMMERCIAL PROPERTY-OFFICE PROPERTY-OFFICE PROPERTY MARKET
650 _aPFI
650 _aPRIVATE FINANCE INITIATIVE
650 _aRefurbishment
_96264
650 _aRENTAL LEVELS
650 _aSECURITY
650 _aSERVICED OFFICES
650 _aTALL BUILDINGS
650 _aTRENDS
690 _aPROPERTY-COMMERCIAL PROPERTY-COMMERCIAL PROPERTY MARKET
942 _n0
948 _c09/06/1998
999 _c54594
_d54594